| 000 | 01538cam a22004574i 4500 | ||
|---|---|---|---|
| 003 | PE-LiUPU | ||
| 005 | 20250731173544.0 | ||
| 008 | 150616s1984 miua r 000 0 eng d | ||
| 035 | _a(Sirsi) a9193 | ||
| 040 |
_aPE-LiUPU _bspa _cPE-LiUPU _erda |
||
| 049 | _aPRUA | ||
| 082 | 0 | 4 |
_a220.52 _bB15 _221 |
| 130 |
_aBiblia. _lInglés _f1984. _sNew International. |
||
| 245 | 1 | 4 |
_aThe Holy Bible / _cInternational Bible Society. |
| 264 | 1 |
_aGrand Rapids, Michigan : _bZondervan Bible Publishers, _c1984. |
|
| 300 |
_a1145 páginas : _bilustraciones mapas ; _c24 centímetros |
||
| 336 |
_atext _2rdacontent |
||
| 337 |
_aunmediated _2rdamedia |
||
| 338 |
_avolume _2rdacarrier |
||
| 500 | _aIncluye Concordancia. | ||
| 505 | 0 | _aBiblia en Inglés. | |
| 526 | _aSEG42 | ||
| 526 | _aSEG41 | ||
| 526 | _aSEG40 | ||
| 526 | _aSEG39 | ||
| 526 | _aP94 | ||
| 526 | _aP87 | ||
| 526 | _aP86 | ||
| 526 | _aP85 | ||
| 526 | _aP77 | ||
| 526 | _aP76 | ||
| 526 | _aP35 | ||
| 630 |
_aBiblia. _lInglés. _sInternational _f1984. |
||
| 910 |
_ajck _bjvq _cjck |
||
| 942 |
_2ddc _cBOOK |
||
| 949 |
_a220.52 B15 _wDEWEY _c1 _i54552 _lCCODEBUL1 _mBUL _p20.00 _r0 _sY _tBOOK _u2015-04-23 _xTEOLOGIA _zUNKNOWN _0COMPRA _o.STAFF. Colección Teología |
||
| 994 |
_aC0 _bPEPRU |
||
| 596 | _a1 | ||
| 999 |
_a220.52 B15 _wDEWEY _c60620 _i54552 _d60620 _e2019-5-2 _f2021-11-9 _g5 _lCCODEBUL1 _mBUL _n2 _p20.00 _q1 _r0 _sY _tBOOK _u2015-4-23 _xTEOLOGIA _PP35 _0COMPRA _o.STAFF. Colección Teología |
||
| 980 |
_81 _gALBERTO SANCHEZ Responsable de Automatización |
||